Law of copyright and industrial designs (Record no. 42078)

MARC details
000 -LEADER
fixed length control field 00336nam a2200133Ia 4500
020 ## - INTERNATIONAL STANDARD BOOK NUMBER
ISBN 817771394
082 ## - DEWEY DECIMAL CLASSIFICATION NUMBER
Classification number 347.78
Item number NAR
100 ## - MAIN ENTRY--AUTHOR NAME
Personal name Narayanan, P
245 #0 - TITLE STATEMENT
Title Law of copyright and industrial designs
250 ## - EDITION STATEMENT
Edition statement Ed.3
260 ## - PUBLICATION, DISTRIBUTION, ETC. (IMPRINT)
Place of publication Kolkata
Name of publisher Eastern Law House
Year of publication 2002
942 ## - ADDED ENTRY ELEMENTS (KOHA)
Koha item type Books
Holdings
Withdrawn status Lost status Damaged status Not for loan Home library Current library Date acquired Cost, normal purchase price Full call number Accession Number Koha item type
        RRII Library RRII Library 16/12/2021 890.00 347.78 NAR 22355 Books